Sports- answers A-Z - Statistics

General Stats
  • This quiz has been taken 19 times
  • The average score is 8 of 26
Answer Stats
Hint Answer % Correct
C - green and white, scottish football team, also basketball team in boston celtic
88%
G - hosted the 2006 fifa world cup germany
81%
K - when someone is concussed in boxing it is a ko
63%
L - won the 2015/16 epl leicester
56%
O - fifa world cup asian country oman
56%
I - viking clap nation iceland
50%
Q - origin champs queensland
44%
Z - haydos scored 380 against them zimbabwe
44%
U - west ham former home ground upton park
38%
B - medal given to the best afl player brownlow
31%
E - famous wallabies skipper eales
31%
N - uk's toon, australia's hunter newcastle
31%
R - famous yank tennis player who lost 2006 us open final to fed roddick
31%
A - batsmen who scored 98 batting at 11 on debut agar
25%
F - sydney olympic gold medallist freeman
25%
H - new zealand cricketer knighted in early 2000's hadlee
25%
P - nickname of collingwood team pies
19%
V - sponsor of australian cricket team vb
19%
S - former illawarra nrl team steelers
13%
D - at the center of asada drugs scandal dank
6%
J - former captain of west coast and carlton judd
6%
X - marshall wore these boots x blades
6%
Y - played for villa and the red devils young
6%
M - famous for the nrl flick pass marshall
0%
T - townsville juniorwho played for broncos and dragons tallis
0%
W - australian cricket trivia questions, johny .... walker
0%
No matching quizzes found
Score Distribution
Percent of People with Each Score
Percentile by Number Answered
Your Score History
You have not taken this quiz